000 00729nam a2200241 i 4500
001 bg
100 1 _aPŁOSZAJSKI, Grzegorz
245 1 0 _aElementy informatyki :
_bużytkowanie komputera /
_cGrzegorz Płoszajski.
250 _aWyd. 3.
260 _aWarszawa :
_bWydawnictwa Szkolne i Pedagogiczne,
_c1998.
300 _a610 s. :
_brys., wykr. ;
_c24 cm.
504 _aIndeks.
521 _aPodręcznik dla uczniów kl. I i II liceum ogólnokształcącego, liceum tech. i technikum.
650 9 _aKomputery
655 _aPodręczniki szkolne
020 _a8302059536
040 _cBPK
041 0 _apl
080 _a004(075.3)
920 _a83-02-05953-6
942 _cKS
008 s pl f |000 0 pol
999 _c39786
_d39786
856 _uhttp://koha.tu.koszalin.pl/cgi-bin/koha/opac-detail.pl?biblionumber=39786
_yKatalog online BPK